| 000 | 00582cam a22002291 4500 | ||
|---|---|---|---|
| 001 | sa 65001803 | ||
| 003 | DLC | ||
| 005 | 20260227112111.0 | ||
| 008 | 890415s1964 xx 000 0 hino | ||
| 010 | _asa 65001803 | ||
| 035 | _a(OCoLC)23544126 | ||
| 040 |
_aDLC _cMiU _dDLC |
||
| 042 | _apremarc | ||
| 050 | 0 | 0 |
_aHB180.H5 _bM53 |
| 100 | 1 | _aMittala, S. C. | |
| 245 | 1 | 0 | _aEḍavāṃsḍa ikônômika thyaurī. |
| 260 | _c[1964] | ||
| 300 |
_a1 v. _b(various pagings) illus. _c22 cm. |
||
| 500 | _aRomanized. | ||
| 650 | 0 | _aEconomics | |
| 740 | 0 | _aAdvanced economic theory. | |
| 999 |
_c62239 _d62239 |
||